Автоматизация управленческого труда на базе персональных компьютеров: учебное пособие

Bibliografiske detaljer
Hovedforfatter: Смирнов Э. А. Эдуард Александрович
Institution som forfatter: Московский институт управления им. С. Орджоникидзе (МИУ)
Summary:Исключено из фонда НТБ ТПУ
Sprog:russisk
Udgivet: Москва, МИУ, 1988
Format: MixedMaterials Bog
KOHA link:https://koha.lib.tpu.ru/cgi-bin/koha/opac-detail.pl?biblionumber=225817

MARC

LEADER 00000nam0a2200000 4500
001 225817
005 20231031201035.0
020 |a RU  |b 89-22628 
035 |a (RuTPU)RU\TPU\book\246177 
090 |a 225817 
100 |a 20121115d1988 m y0rusy5003 ca 
101 0 |a rus 
102 |a RU 
105 |a a z 001zy 
200 1 |a Автоматизация управленческого труда на базе персональных компьютеров  |e учебное пособие  |f Э. А. Смирнов  |g Московский институт управления им. С. Орджоникидзе (МИУ) 
210 |a Москва  |c МИУ  |d 1988 
215 |a 47 с.  |c ил. 
333 |a Исключено из фонда НТБ ТПУ 
700 1 |a Смирнов  |b Э. А.  |g Эдуард Александрович 
712 0 2 |a Московский институт управления им. С. Орджоникидзе (МИУ)  |c (1975-1991) 
801 0 |a RU  |b RuMRKP  |c 19950417  |g psbo 
801 1 |a RU  |b 63413507  |c 20121115 
801 2 |a RU  |b 63413507  |c 20220412  |g RCR 
942 |c BK